<?xml version="1.0" encoding="UTF-8"?>
<marc:record xmlns:marc="http://www.loc.gov/MARC21/slim">
   <marc:leader>00000nam a2200000 a 4500</marc:leader>
   <marc:datafield ind1="1" ind2=" " tag="100">
      <marc:subfield code="a">Puértolas, Romain</marc:subfield>
      <marc:subfield code="4">aut</marc:subfield>
      <marc:subfield code="e">Verfasser/-in</marc:subfield>
   </marc:datafield>
   <marc:datafield ind1="1" ind2=" " tag="100">
      <marc:subfield code="a">Hauser, Armin</marc:subfield>
   </marc:datafield>
   <marc:datafield ind1=" " ind2=" " tag="653">
      <marc:subfield code="a">CD-Hörbuch</marc:subfield>
   </marc:datafield>
   <marc:datafield ind1="0" ind2="0" tag="245">
      <marc:subfield code="a">Das Mädchen, das eine Wolke so groß wie der Eiffelturm verschluckte</marc:subfield>
   </marc:datafield>
   <marc:datafield ind1="0" ind2="0" tag="245">
      <marc:subfield code="b">Roman ; Ungek. Lesung</marc:subfield>
   </marc:datafield>
   <marc:datafield ind1="0" ind2="0" tag="245">
      <marc:subfield code="c">Romain Puértolas. Gelesen von Armin Hauser</marc:subfield>
   </marc:datafield>
   <marc:datafield ind1=" " ind2="1" tag="264">
      <marc:subfield code="a">Hamburg</marc:subfield>
      <marc:subfield code="b">Hoffmann &amp; Campe</marc:subfield>
      <marc:subfield code="c">2015</marc:subfield>
   </marc:datafield>
   <marc:datafield ind1="1" ind2=" " tag="520">
      <marc:subfield code="a">Wenn Liebe Flügel verleiht: Providence Dupois ist eine Pariser Briefträgerin mit großem Herzen. Das hat sie an Zahera verloren, ein kleines marokkanisches Mädchen. Zahera hat "eine Wolke verschluckt", die ihr die Luft zum Atmen nimmt. Im Krankenhaus in Marrakesch wartet sie darauf, dass ihre Adoptivmutter Providence vom Himmel fällt, um sie zu retten. Aber am Flughafen Orly erfährt Providence, dass alle Flüge gestrichen wurden, denn in Island ist ein Vulkan ausgebrochen. Providence ist verzweifelt: Die Zeit wird knapp, und Zahera wartet. Was bleibt Providence da anderes übrig, als selber fliegen zu lernen? Ein modernes Märchen - komisch, phantasievoll und berührend. - Verlagstext</marc:subfield>
   </marc:datafield>
   <marc:datafield ind1=" " ind2=" " tag="020">
      <marc:subfield code="a">9783455240122</marc:subfield>
      <marc:subfield code="9">9783455240122</marc:subfield>
   </marc:datafield>
   <marc:datafield ind1=" " ind2=" " tag="041">
      <marc:subfield code="a">ger</marc:subfield>
   </marc:datafield>
   <marc:datafield ind1="1" ind2=" " tag="521">
      <marc:subfield code="a">0</marc:subfield>
   </marc:datafield>
   <marc:datafield ind1=" " ind2=" " tag="300">
      <marc:subfield code="a">369 Min.</marc:subfield>
   </marc:datafield>
</marc:record>
